Comidas e Bebidas Típicas das regiões do Brasil - Statistics

Estatísticas Gerais
  • Esse quiz foi jogado 689 vezes
  • A pontuação média é 9 de 42
Estatísticas das Respostas
Hint Resposta % Correto
Região Sul Chimarrão
77%
Região Sul Churrasco
71%
Região Nordeste Acarajé
70%
Região sudeste Pão de queijo
58%
Região norte Açaí
52%
Região Nordeste Vatapá
51%
Região norte Tapioca
46%
Região sudeste Moqueca
39%
Região sudeste Feijão tropeiro
37%
Região norte Tacacá
36%
Região centro-oeste Pamonha
31%
Região Nordeste Buchada de bode
30%
Região Nordeste Carne de sol
21%
Região norte Pato no tucupi
21%
Região Sul Polenta
19%
Região Nordeste Bobó de camarão
18%
Região sudeste Tutu de feijão
18%
Região sudeste Doce de leite
17%
Região centro-oeste Vaca atolada
17%
Região Sul Arroz de carreteiro
16%
Região Sul Mocotó
16%
Região Sul Barreado
14%
Região centro-oeste Pirão
14%
Região norte Cupuaçu
13%
Região Sul Rabada
13%
Região Nordeste Rapadura
12%
Região Nordeste Quindim
9%
Região norte Castanha do para
8%
Região centro-oeste Galinha caipira
7%
Região sudeste Lingüiça
7%
Região norte Caldeirada de tucunaré
6%
Região sudeste Picadinho de carne
5%
Região Nordeste Ensopado de camarão
3%
Região sudeste Goiabada com queijo
2%
Região Sul Torta de maçã
2%
Região Nordeste Alambica
1%
Região Nordeste Baba de moça
1%
Região Sul Caldeiras de peixe
1%
Região centro-oeste Dourado recheado
1%
Região centro-oeste Frango com gariroba
1%
Região centro-oeste Pacu frito
1%
Região centro-oeste Peixe com mandioca
1%
Nenhum quiz correspondente encontrado
Distribuição das Pontuações
Porcentagem de Pessoas com Cada Pontuação
Percentil de Números Respondidos
Sua Pontuação Histórica
Você não jogou esse quiz